000 00476nam a2200181Ia 4500
001 18941
005 20260306171707.0
008 260306s9999||||xx |||||||||||||| ||und||
041 _aESP
082 _a658.562
_bL88
100 _aLópez Rey, Susana
_eAUT
245 0 _aSistemas de calidad:
_bimplantación de diferentes sistemas en la organización
260 _c2011
300 _a166 páginas :
_c24 cm.
650 _aGEN
654 _aCAN
942 _cLIB
_dJUS
_fJUS
_2ddc
_n
999 _c18941
_d18941